01402nam a2200325Ia 450000500170000000800410001702000190005808200200007710000310009724500800012825000190020830000430022749000170027050502310028765000300051865000330054865000310058170000430061274000580065574000580071374000260077174000520079774000370084974000360088626400310092233600270095333700330098033800280101304000350104120220317000956.0160825s2008 ck a g 000 0 spa  a9789582004401204a390.861 bG65f11 aGonzález Pérez, Marcos10aFiesta y región en ColombiacAutor y compilador Marcos González Pérez a2a. edición  a253 páginas bilustraciones c24 cm  aAula abierta aFiestas políticas: Cuchillos, látigos y sables: cultura material de la violencia y construcción de la ciudadanía / Francisco Gutiérrez Sanín y Twiggy Ortegón - El orden espacial: Virreyes en Santafé de Bogotá142LEMBaFolclor Colombiano 142LEMBaFestivales zColombia 142LEMBaCarnaval zColombia 1 aGonzález Pérez, Marcosecompilador32aEl orden espacial: Virreyes en Santafé de Bogotá 02aFiestas políticas en Cartagena de Indias 1740-1810 02aCarnaval de Riosucio 32aEl eterno retorno del Carnaval de Barranquilla 32aLa Feria de Cali de 1958 a 1970 02aFiestas religiosas y populares  aBogotábMagisterioc2008 atextobtxt2rdacontent asin mediaciónbn2rdamedia avolumenbnc2rdacarrier aCO-BoRNBPbspaerdacCO-BoRNBP